Federal Administrative Procedure Sourcebook, Fifth Edition 2016

Bibliographic Details
Main Author: Lubbers, Jeffrey S.
Other Authors: Funk, William
Format: eBook
Language:English
Published: Chicago: American Bar Association, 2016
Subjects:
Online Access:Acceso restringido

MARC

LEADER 00000nam a22000007a 4500
005 20210408232825.0
007 cr|||| ||||
008 210408s2016 us |||||s|||| 00||0 eng d
020 |a 978-1-63425-481-6 
035 |a 33097 
040 |a vLex 
090 |c 11417  |d 11417 
100 1 |a Lubbers, Jeffrey S. 
245 1 0 |a Federal Administrative Procedure Sourcebook, Fifth Edition 2016  |h [Recurso electrn̤ico] /  |c Jeffrey S. Lubbers, William Funk 
256 |a Servicio en ln̕ea 
260 |a Chicago:  |b American Bar Association,  |c 2016 
300 |a 1 recurso electrn̤ico 
506 1 |a Disponible solo en los productos indicados  |d vLex Global  |d vLex Global (Academic Edition, excluding Law Schools)  |d vLex Global (Academic Edition, Law Schools) 
650 0 4 |a Derecho Pb︢lico y Administrativo  |z Estados Unidos 
650 0 4 |a Derecho Procesal  |z Estados Unidos 
700 1 |a Funk, William 
740 0 |a vLex Libros (Servicio en ln̕ea) 
856 4 0 |u https://vlex.com/source/federal-administrative-procedure-sourcebook-fifth-edition-2016-33097  |z Acceso restringido 
942 |c BOOK 
999 0 |a Public and Administrative Law 
999 0 |a Procedural Law